Normal view
MARC view
- أصول تراثية-الحقول الدلالية
Entry Topical Term
001 - CONTROL NUMBER
- control field: 45035
003 - CONTROL NUMBER IDENTIFIER
- control field: JO-AjAnu
005 - DATE AND TIME OF LATEST TRANSACTION
- control field: 20230606081443.0
008 - FIXED-LENGTH DATA ELEMENTS
- fixed length control field: 230606|| aca||aabn | a|a d
040 ## - CATALOGING SOURCE
- Original cataloging agency: JO-AjAnu
- Transcribing agency: JO-AjAnu
150 ## - HEADING--TOPICAL TERM
- Topical term or geographic name entry element: أصول تراثية-الحقول الدلالية
670 ## - SOURCE DATA FOUND
- Source citation: Work cat.: (JO-AjAnu)23060: عزوز، احمد تأليف, author 45034, أصول تراثية في نظرية الحقول الدلالية